[Event "Tournament 14475 - Europe Echecs"]
[Site "Europe Echecs"]
[Date "2020.07.12"]
[Round "3"]
[Time "15:05:33"]
[PlyCount "109"]
[White "ChevillonCelia"]
[Black "WeismanNathan"]
[WhiteElo "1433"]
[BlackElo "2186"]
[Mode "WEB"]
[Result "0-1"]

1. e4 Nf6 2. Nc3 d5 3. e5 Ne4 4. d4 c5 5. Nxe4 dxe4 6. dxc5 Qxd1+ 7. Kxd1 Nc6 8.
Bf4 Bg4+ 9. f3 O-O-O+ 10. Kc1 exf3 11. Nxf3 e6 12. b4 Nxb4 13. Be2 Bxc5 14. h3
Bh5 15. a3 Nd5 16. Bg5 f6 17. exf6 gxf6 18. Bh4 Be3+ 19. Kb2 Bxf3 20. Bxf3 Bd4+
21. Ka2 Bxa1 22. Kxa1 Rhf8 23. Re1 e5 24. Rd1 Nc3 25. Rxd8+ Rxd8 26. Bxf6 Re8
27. Kb2 Na4+ 28. Kb3 Nc5+ 29. Kc4 b6 30. Kb4 e4 31. Be2 e3 32. Bd4 Kb7 33. c3
Nd7 34. Kc4 Kc6 35. Kd3 Nc5+ 36. Kc2 a5 37. Kd1 Nb3 38. Bf6 Kc5 39. Kc2 a4 40.
Kd3 Re6 41. Bd4+ Nxd4 42. cxd4+ Kd5 43. Bf3+ Kd6 44. Be4 Rxe4 45. Kxe4 e2 46.
Kd3 e1=Q 47. g4 Kd5 48. g5 Qd1+ 49. Kc3 Qxd4+ 50. Kc2 Kc4 51. g6 Qd3+ 52. Kb2
Qd2+ 53. Ka1 Kb3 54. gxh7 Qa2# {ChevillonCelia est échec et mat} 0-1

[Event "Tournament 14475 - Europe Echecs"]
[Site "Europe Echecs"]
[Date "2020.07.12"]
[Round "3"]
[Time "15:05:33"]
[PlyCount "49"]
[White "BachyLouis"]
[Black "GuerinJuliette"]
[WhiteElo "1264"]
[BlackElo "1918"]
[Mode "WEB"]
[Result "0-1"]

1. e4 c5 2. Nc3 Nc6 3. f4 g6 4. Nf3 Bg7 5. Bb5 Nd4 6. d3 a6 7. Bc4 e6 8. e5 Nc6
9. Ne4 f6 10. Nd6+ Kf8 11. O-O Nge7 12. g4 b5 13. Bb3 Qc7 14. Be3 Nd8 15. Ne4 c4
16. dxc4 bxc4 17. Ba4 f5 18. Nd6 Nf7 19. Nxf7 Kxf7 20. Ng5+ Kf8 21. gxf5 Nxf5
22. Qe1 Bb7 23. Qb4+ Kg8 24. Qe7 Nxe7 {BachyLouis a abandonné} 0-1

[Event "Tournament 14475 - Europe Echecs"]
[Site "Europe Echecs"]
[Date "2020.07.12"]
[Round "3"]
[Time "15:05:33"]
[PlyCount "28"]
[White "NoirMathys"]
[Black "StrichardHadri"]
[WhiteElo "1897"]
[BlackElo "1199"]
[Mode "WEB"]
[Result "1-0"]

1. e4 c5 2. d4 cxd4 3. c3 e6 4. Nf3 Nc6 5. cxd4 d5 6. e5 Bb4+ 7. Nc3 Nge7 8. Bd3
a6 9. O-O Qb6 10. Kh1 Nxd4 11. Nxd4 Qxd4 12. Bb5+ Nc6 13. Bxc6+ bxc6 14. Qxd4 {StrichardHadri a abandonné} 1-0

[Event "Tournament 14475 - Europe Echecs"]
[Site "Europe Echecs"]
[Date "2020.07.12"]
[Round "3"]
[Time "15:05:33"]
[PlyCount "60"]
[White "courjalpauline"]
[Black "FavierSagnesJu"]
[WhiteElo "1848"]
[BlackElo "1178"]
[Mode "WEB"]
[Result "1-0"]

1. e4 e6 2. d4 d5 3. Nd2 c5 4. exd5 Qxd5 5. Ngf3 cxd4 6. Bc4 Qd8 7. O-O Nf6 8.
Nb3 Bc5 9. Nxc5 Nc6 10. Bg5 O-O 11. Ne4 Na5 12. Bd3 Nc6 13. Nxf6+ gxf6 14. Bh6
Re8 15. h3 e5 16. Nh2 f5 17. Qh5 Qf6 18. Bc4 Be6 19. Bxe6 Qxe6 20. Nf3 Qf6 21.
Nh4 Re6 22. Bg5 Qg7 23. Nxf5 Qf8 24. Bh6 Qb4 25. Nh4 Ne7 26. f4 Qxb2 27. fxe5
Ng6 28. Qf5 Re7 29. Qf6 Nxh4 30. Qg7# {FavierSagnesJu est échec et mat} 1-0

[Event "Tournament 14475 - Europe Echecs"]
[Site "Europe Echecs"]
[Date "2020.07.12"]
[Round "3"]
[Time "15:05:33"]
[PlyCount "76"]
[White "DesfontaineVin"]
[Black "DhenninTanguy"]
[WhiteElo "1620"]
[BlackElo "1160"]
[Mode "WEB"]
[Result "1-0"]

1. e4 d5 2. exd5 Nf6 3. Nc3 Bf5 4. Bc4 c6 5. dxc6 Nxc6 6. d3 Bg4 7. f3 Bf5 8.
Nge2 Qa5 9. Bd2 e6 10. O-O Qb6+ 11. Kh1 Bd6 12. Bb3 O-O 13. Ne4 Bxe4 14. dxe4
Qc7 15. g3 Rad8 16. Qe1 Nb4 17. Bxb4 Bxb4 18. Qxb4 a5 19. Qc3 Qb6 20. Kg2 Rc8
21. Qd4 Qb5 22. Nc3 Qa6 23. Rad1 b5 24. a4 b4 25. Nb5 h6 26. Rd3 Rcd8 27. Qxd8
Rxd8 28. Rxd8+ Kh7 29. Rfd1 Qb7 30. Nd6 Qe7 31. Nc4 Nh5 32. R1d7 Qg5 33. Kf2 Kg6
34. f4 Qc5+ 35. Kg2 f5 36. Ne5+ Kh7 37. Bxe6 Nf6 38. Bxf5# {DhenninTanguy est échec et mat} 1-0

[Event "Tournament 14475 - Europe Echecs"]
[Site "Europe Echecs"]
[Date "2020.07.12"]
[Round "3"]
[Time "15:05:33"]
[PlyCount "116"]
[White "SepahpourSherv"]
[Black "TighargharElio"]
[WhiteElo "1398"]
[BlackElo "1119"]
[Mode "WEB"]
[Result "1-0"]

1. d4 d5 2. c4 c6 3. Nc3 e6 4. Nf3 Nf6 5. e3 Bb4 6. Bd3 Bxc3+ 7. bxc3 b6 8. O-O
c5 9. Qc2 Nc6 10. cxd5 exd5 11. Bb5 Bd7 12. Qa4 Qc8 13. Ba3 a6 14. Bxc6 Bxc6 15.
Qb3 Qc7 16. dxc5 bxc5 17. Bxc5 Bb5 18. Bd4 Bxf1 19. Kxf1 Rb8 20. Qa4+ Rb5 21.
Ne5 O-O 22. Qxa6 Rfb8 23. Nc6 Rb1+ 24. Rxb1 Rxb1+ 25. Ke2 Qb7 26. Qxb7 Rxb7 27.
Bxf6 gxf6 28. Nb4 Rb5 29. Kd3 Kg7 30. f4 f5 31. g3 Kg6 32. Kd4 Kf6 33. Nxd5+ Kg6
34. h4 Rb2 35. a4 Rg2 36. Nb4 Rxg3 37. a5 Rg2 38. a6 Rg1 39. Kc5 Rc1 40. a7
Rxc3+ 41. Kb5 Ra3 42. Na6 Rb3+ 43. Ka4 Rxe3 44. a8=Q Re4+ 45. Kb5 Rxf4 46. Qb7
Rxh4 47. Qc6+ f6 48. Qe8+ Kg5 49. Qg8+ Kf4 50. Nc5 h5 51. Qc4+ Kg3 52. Qf1 Rg4
53. Qxf5 Rg5 54. Qxf6 Kg4 55. Qd4+ Kg3 56. Kc4 Rg4 57. Ne4+ Kh3 58. Nf2+ {TighargharElio a perdu au temps} 1-0

[Event "Tournament 14475 - Europe Echecs"]
[Site "Europe Echecs"]
[Date "2020.07.12"]
[Round "3"]
[Time "15:05:33"]
[PlyCount "107"]
[White "GerardKelian"]
[Black "ChevillonManon"]
[WhiteElo "1056"]
[BlackElo "1356"]
[Mode "WEB"]
[Result "0-1"]

1. d4 Nf6 2. c4 e6 3. Nc3 Bb4 4. a3 Be7 5. e4 d6 6. Nf3 b6 7. Bd3 Bb7 8. h3 Nbd7
9. O-O c5 10. e5 Nh5 11. g4 dxe5 12. dxe5 Bxf3 13. Qxf3 Nxe5 14. Qe2 Qxd3 15.
Qxe5 Nf6 16. Nb5 O-O 17. Bg5 Qxh3 18. Qh2 Qxh2+ 19. Kxh2 Nxg4+ 20. Kg3 Bxg5 21.
Kxg4 Bf6 22. Rab1 a6 23. Nc7 Ra7 24. Nxa6 Rxa6 25. b4 cxb4 26. axb4 Rc8 27. Rfc1
h6 28. c5 bxc5 29. bxc5 Rac6 30. Rb5 Bd4 31. f4 Rxc5 32. Rbxc5 Rxc5 33. Rxc5
Bxc5 34. f5 exf5+ 35. Kxf5 g6+ 36. Kf6 g5 37. Kf5 Kg7 38. Ke5 Kg6 39. Ke4 f5+
40. Kf3 h5 41. Kg3 h4+ 42. Kh3 Kh5 43. Kg2 Bd6 44. Kh3 g4+ 45. Kg2 h3+ 46. Kg1
g3 47. Kh1 Kg4 48. Kg1 Kf3 49. Kh1 g2+ 50. Kg1 Bc5+ 51. Kh2 Kf2 52. Kxh3 g1=Q
53. Kh4 Qg4# {GerardKelian est échec et mat} 0-1

[Event "Tournament 14475 - Europe Echecs"]
[Site "Europe Echecs"]
[Date "2020.07.12"]
[Round "4"]
[Time "15:36:57"]
[PlyCount "119"]
[White "EugeneFloryan"]
[Black "DroinAugustin"]
[WhiteElo "2343"]
[BlackElo "2313"]
[Mode "WEB"]
[Result "1/2-1/2"]

1. d4 d5 2. Nf3 Nf6 3. e3 e6 4. Bd3 Bd6 5. O-O c5 6. Nbd2 O-O 7. Re1 Nc6 8. c3
e5 9. e4 dxe4 10. Nxe4 cxd4 11. Bg5 Be7 12. cxd4 exd4 13. Qe2 h6 14. Nxf6+ Bxf6
15. Qe4 g6 16. Bxh6 Bf5 17. Qe2 Bxd3 18. Qxd3 Re8 19. Rxe8+ Qxe8 20. h4 Ne5 21.
Qe4 Nxf3+ 22. Qxf3 Qc6 23. Qxc6 bxc6 24. Rc1 Rc8 25. g3 c5 26. b3 Be7 27. Kf1 f6
28. Bf4 Kf7 29. Ke2 g5 30. hxg5 fxg5 31. Bd2 Ke6 32. Kd3 Kd5 33. Rh1 Rf8 34. Rh7
Ke6 35. f4 gxf4 36. Bxf4 Rf7 37. Rh6+ Rf6 38. Rh1 Kd5 39. Rh5+ Kc6 40. Rh7 Bd6
41. Rxa7 Kb6 42. Bxd6 Rxd6 43. Rf7 Rg6 44. Rf3 Kb5 45. Ke4 Re6+ 46. Kd5 Rg6 47.
a3 Rg5+ 48. Ke4 Rg4+ 49. Kf5 Rg8 50. g4 c4 51. bxc4+ Kxc4 52. Ke6 Rxg4 53. Rf1
d3 54. Ke5 d2 55. a4 Kd3 56. Ra1 Rxa4 57. Rxa4 d1=Q 58. Rd4+ Ke2 59. Rxd1 Kxd1 {Aucun joueur n'a le mat&eacute;riel pour mater} 1/2-1/2

[Event "Tournament 14475 - Europe Echecs"]
[Site "Europe Echecs"]
[Date "2020.07.12"]
[Round "4"]
[Time "15:36:57"]
[PlyCount "107"]
[White "MateriaMarco"]
[Black "Razafindratsim"]
[WhiteElo "2269"]
[BlackElo "2336"]
[Mode "WEB"]
[Result "0-1"]

1. d4 Nf6 2. c4 g6 3. Nc3 d5 4. cxd5 Nxd5 5. e4 Nxc3 6. bxc3 Bg7 7. Nf3 c5 8.
Bb5+ Bd7 9. Be2 O-O 10. O-O Nc6 11. Be3 Bg4 12. d5 Bxf3 13. Bxf3 Ne5 14. Be2 Qa5
15. Qc2 c4 16. Rab1 b5 17. f4 Nd7 18. e5 Nb6 19. Bf3 Rad8 20. Rfd1 Rd7 21. Bc5
Na4 22. Bb4 Qb6+ 23. Kh1 Rfd8 24. d6 exd6 25. Bxd6 Rxd6 26. Rxd6 Rxd6 27. exd6
Qxd6 28. g3 Nxc3 29. Re1 Bd4 30. h4 h5 31. Kg2 Qa3 32. f5 Qxa2 33. Qxa2 Nxa2 34.
fxg6 fxg6 35. Bc6 a6 36. Bd5+ Kg7 37. Re7+ Kf6 38. Re6+ Kf5 39. Rxa6 Nb4 40.
Be6+ Kf6 41. Ra5 Kxe6 42. Rxb5 Nd5 43. Kf3 c3 44. Ke2 Be5 45. Kf3 c2 46. Rc5 Bc3
47. Ke4 c1=Q 48. Rc6+ Kd7 49. Kxd5 Qd2+ 50. Kc5 Qd4+ 51. Kb5 Qb4+ 52. Ka6 Kxc6
53. Ka7 Qb7# {MateriaMarco est échec et mat} 0-1

[Event "Tournament 14475 - Europe Echecs"]
[Site "Europe Echecs"]
[Date "2020.07.12"]
[Round "4"]
[Time "15:36:57"]
[PlyCount "55"]
[White "DenningerGuilh"]
[Black "BressyTheo"]
[WhiteElo "2065"]
[BlackElo "2289"]
[Mode "WEB"]
[Result "0-1"]

1. c4 g6 2. Nc3 Bg7 3. g3 e5 4. Bg2 Nc6 5. e4 d6 6. Nge2 f5 7. O-O Nf6 8. d3 O-O
9. f4 Be6 10. b3 Qd7 11. Bb2 Rae8 12. Nd5 fxe4 13. dxe4 Bg4 14. Qd2 Nh5 15. Rae1
Ne7 16. Nxe7+ Qxe7 17. Qd5+ Kh8 18. Qxb7 Bxe2 19. Rxe2 exf4 20. g4 f3 21. Rxf3
Nf4 22. Bxg7+ Qxg7 23. Rd2 Nxg2 24. Rxf8+ Rxf8 25. Kxg2 Qf7 26. e5 Qf1+ 27. Kg3
Qf4+ {DenningerGuilh a abandonné} 0-1

[Event "Tournament 14475 - Europe Echecs"]
[Site "Europe Echecs"]
[Date "2020.07.12"]
[Round "4"]
[Time "15:36:57"]
[PlyCount "86"]
[White "MakkarRajat"]
[Black "KuhnClement"]
[WhiteElo "2214"]
[BlackElo "2150"]
[Mode "WEB"]
[Result "1-0"]

1. d4 Nf6 2. c4 g6 3. g3 Bg7 4. Bg2 O-O 5. Nc3 d6 6. Nf3 Nc6 7. O-O e5 8. d5 Nb8
9. e4 a5 10. Ne1 Na6 11. Nd3 Nd7 12. Be3 Nac5 13. Nxc5 Nxc5 14. a3 f5 15. b4
axb4 16. axb4 Rxa1 17. Qxa1 Nb3 18. Qd1 Nd4 19. f4 fxe4 20. Nxe4 Nf5 21. Bc1 Qe7
22. Qd3 Nd4 23. Bb2 Bg4 24. Re1 Qd7 25. Ng5 h6 26. Bxd4 exd4 27. Ne6 Rf6 28.
Nxd4 Kh7 29. Qe3 Rf7 30. Ne6 Re7 31. Ng5+ hxg5 32. Qxe7 Qa4 33. Qxg5 Qxb4 34.
Qh4+ Bh5 35. Rf1 Qc3 36. g4 Bf6 37. Qh3 Qd4+ 38. Kh1 Kh6 39. gxh5 g5 40. fxg5+
Bxg5 41. Qe6+ Kxh5 42. Bf3+ Kh4 43. Qe4+ {KuhnClement a abandonné} 1-0

[Event "Tournament 14475 - Europe Echecs"]
[Site "Europe Echecs"]
[Date "2020.07.12"]
[Round "4"]
[Time "15:36:57"]
[PlyCount "65"]
[White "RebutPaul"]
[Black "TravadonLoic"]
[WhiteElo "1966"]
[BlackElo "2431"]
[Mode "WEB"]
[Result "0-1"]

1. d4 Nf6 2. Bf4 g6 3. Nc3 Bg7 4. e4 d6 5. Qd2 O-O 6. O-O-O c6 7. f3 b5 8. Kb1
b4 9. Nce2 a5 10. h4 a4 11. c3 bxc3 12. Nxc3 a3 13. b3 Na6 14. g4 Nb4 15. h5 c5
16. dxc5 Be6 17. cxd6 Rc8 18. Nge2 exd6 19. Qxd6 Qa5 20. hxg6 hxg6 21. Bg2 Rfd8
22. Qe5 Qa6 23. Bh6 Rxd1+ 24. Rxd1 Bxh6 25. g5 Ng4 26. fxg4 Bg7 27. Qb5 Qxb5 28.
Nxb5 Rc2 29. Nbd4 Rb2+ 30. Ka1 Rxa2+ 31. Kb1 Rb2+ 32. Ka1 Rxe2 {RebutPaul a abandonné} 0-1

[Event "Tournament 14475 - Europe Echecs"]
[Site "Europe Echecs"]
[Date "2020.07.12"]
[Round "4"]
[Time "15:36:57"]
[PlyCount "70"]
[White "GrancherEtienn"]
[Black "HingouetMatthi"]
[WhiteElo "1987"]
[BlackElo "2228"]
[Mode "WEB"]
[Result "1-0"]

1. d4 Nf6 2. Nf3 d5 3. Bg5 Nbd7 4. e3 e6 5. Bd3 Bd6 6. O-O O-O 7. c4 dxc4 8.
Bxc4 a6 9. Nc3 b5 10. Bd3 h6 11. Bh4 Bb7 12. Rc1 Rc8 13. Qe2 c5 14. Rfd1 cxd4
15. exd4 Be7 16. a4 b4 17. Ne4 Nxe4 18. Bxe7 Qxe7 19. Bxe4 Bxe4 20. Qxe4 Nf6 21.
Qe2 Qb7 22. Rc5 Nd5 23. Rdc1 Rfd8 24. Qc4 Ra8 25. a5 Nf4 26. Rc7 Qe4 27. Re1 Qg6
28. g3 Qg4 29. Ne5 Nh3+ 30. Kg2 Nf4+ 31. Kh1 Qh3 32. gxf4 f6 33. Rxg7+ Kxg7 34.
Qc7+ Kh8 35. Rg1 {HingouetMatthi a perdu au temps} 1-0

[Event "Tournament 14475 - Europe Echecs"]
[Site "Europe Echecs"]
[Date "2020.07.12"]
[Round "4"]
[Time "15:36:57"]
[PlyCount "140"]
[White "RollotFlorence"]
[Black "SayaEthan"]
[WhiteElo "1973"]
[BlackElo "2199"]
[Mode "WEB"]
[Result "1-0"]

1. Nf3 Nf6 2. c4 c5 3. g3 g6 4. Bg2 Bg7 5. O-O O-O 6. Nc3 d5 7. cxd5 Nxd5 8. Qb3
Nb6 9. d3 Nc6 10. Ne4 Be6 11. Qd1 Nd7 12. Neg5 Bg4 13. h3 Bxf3 14. Nxf3 e5 15.
Bg5 Qb6 16. Rb1 Rac8 17. a3 Qa5 18. Nd2 h6 19. Nc4 Qc7 20. Bd2 b5 21. Ne3 a6 22.
Rc1 Qd6 23. Nd5 Rfd8 24. b4 cxb4 25. Nxb4 Nxb4 26. Bxb4 Qb6 27. Qd2 Qe6 28. Ba5
Re8 29. Rc2 Rxc2 30. Qxc2 Nf6 31. Rc1 e4 32. dxe4 Nxe4 33. e3 Nxg3 34. fxg3
Qxe3+ 35. Kh2 Be5 36. Be1 h5 37. Bf2 Qxa3 38. Bd5 Kg7 39. h4 Qb4 40. Kg2 a5 41.
Rb1 Qg4 42. Bf3 Qc4 43. Qd1 b4 44. Bd5 Qc3 45. Rc1 Qb2 46. Rc2 Qa3 47. Bc4 b3
48. Rc1 b2 49. Rb1 Qc3 50. Qd5 Re7 51. Qd3 Qb4 52. Be1 Qb8 53. Bxa5 Qa8+ 54. Qd5
Qa7 55. Bb4 Qe3 56. Bxe7 Qxg3+ 57. Kf1 Qf4+ 58. Ke2 Qh2+ 59. Kd3 Qg3+ 60. Kc2
Qc3+ 61. Kd1 Kh6 62. Qd2+ Qxd2+ 63. Kxd2 f6 64. Ba3 g5 65. hxg5+ fxg5 66. Bxb2
Bf4+ 67. Ke2 h4 68. Bd4 g4 69. Be3 Kg5 70. Rb5+ {SayaEthan a abandonné} 1-0

[Event "Tournament 14475 - Europe Echecs"]
[Site "Europe Echecs"]
[Date "2020.07.12"]
[Round "4"]
[Time "15:36:57"]
[PlyCount "164"]
[White "LecciaAntoine"]
[Black "BergougnouxAxe"]
[WhiteElo "1950"]
[BlackElo "2191"]
[Mode "WEB"]
[Result "1-0"]

1. d4 Nf6 2. Nf3 g6 3. Nbd2 Bg7 4. e4 d6 5. Bb5+ c6 6. Bd3 O-O 7. O-O Qa5 8. Re1
Bg4 9. h3 Bxf3 10. Nxf3 e5 11. Bd2 Qc7 12. Bc3 Nbd7 13. Qd2 Nh5 14. g3 Rad8 15.
Bf1 Rfe8 16. Bg2 Nb6 17. b3 c5 18. dxe5 dxe5 19. Qe2 Bf6 20. Rad1 Ng7 21. Bd2
Ne6 22. c3 c4 23. b4 Na4 24. Rc1 Nb2 25. Rc2 Nd3 26. Rd1 Rd7 27. Be3 b6 28. Rcd2
Red8 29. Ne1 Nxe1 30. Qxe1 Bg5 31. a4 Qc6 32. b5 Qc7 33. Rxd7 Rxd7 34. Rxd7 Qxd7
35. Bxg5 Nxg5 36. h4 Ne6 37. Bf1 Nc5 38. Bxc4 Nxa4 39. Bd5 Qxb5 40. Qa1 a5 41.
Qa2 Nxc3 42. Bxf7+ Kg7 43. Qe6 Qc5 44. Be8 Nxe4 45. Qf7+ Kh6 46. g4 Qc1+ 47. Kg2
Qf4 48. g5+ Nxg5 49. hxg5+ Qxg5+ 50. Kf1 Qc1+ 51. Kg2 Qg5+ 52. Kf1 Qf4 53. Qe6
Kg5 54. Qxb6 Qc1+ 55. Kg2 a4 56. Qd8+ Kh6 57. Qh4+ Kg7 58. Qe7+ Kh6 59. Qh4+ Kg7
60. Bxa4 Qc3 61. Qe7+ Kh6 62. Bd7 Qd4 63. Qf8+ Kg5 64. Qe7+ Kh6 65. Qf8+ Kg5 66.
Qe7+ Kh5 67. Qxh7+ Kg5 68. Qe7+ Kh6 69. Qf8+ Kg5 70. Qf3 Qxd7 71. Qe3+ Kf6 72.
Qb6+ Kg7 73. Qe3 Qd5+ 74. Kf1 Kf6 75. Qh6 Qd1+ 76. Kg2 Qg4+ 77. Kf1 Qc4+ 78. Kg1
Kf5 79. Qf8+ Kg5 80. Qe7+ Kf4 81. Qh4+ Kf5 82. Qxc4 {BergougnouxAxe a perdu au temps} 1-0

[Event "Tournament 14475 - Europe Echecs"]
[Site "Europe Echecs"]
[Date "2020.07.12"]
[Round "4"]
[Time "15:36:57"]
[PlyCount "105"]
[White "LarmetNino"]
[Black "JolyJulien"]
[WhiteElo "1818"]
[BlackElo "2188"]
[Mode "WEB"]
[Result "0-1"]

1. e4 g6 2. Nc3 Bg7 3. g3 d6 4. Bg2 c5 5. d3 Nc6 6. Nge2 e5 7. Nd5 Be6 8. Nec3
Nce7 9. Bg5 h6 10. Be3 Bxd5 11. Nxd5 Nxd5 12. exd5 Ne7 13. Qd2 Nf5 14. c3 O-O
15. O-O Kh7 16. Rad1 b5 17. Bh3 Ne7 18. Bg2 Nf5 19. Bh3 Nxe3 20. fxe3 a5 21. e4
h5 22. Rf3 Bh6 23. Qf2 Kg7 24. Rf1 Qe7 25. d4 cxd4 26. cxd4 exd4 27. Qxd4+ Kg8
28. Qd3 b4 29. R1f2 Rae8 30. Re2 Qe5 31. Rf1 Bg7 32. Bg2 Rc8 33. Ref2 Qd4 34.
Qb5 Qa7 35. Kh1 Rc5 36. Qd3 Qe7 37. Rc2 Rfc8 38. Rfc1 Bxb2 39. Rxc5 Rxc5 40.
Rxc5 dxc5 41. Qb5 Qc7 42. Qe8+ Kg7 43. Qb5 c4 44. Bf1 c3 45. d6 Qxd6 46. e5 Qe6
47. Bc4 Qf5 48. Qd5 c2 49. e6 Qxd5+ 50. Bxd5 c1=Q+ 51. Kg2 Qd2+ 52. Kh3 Qxd5 {LarmetNino a abandonné} 0-1

[Event "Tournament 14475 - Europe Echecs"]
[Site "Europe Echecs"]
[Date "2020.07.12"]
[Round "4"]
[Time "15:36:57"]
[PlyCount "73"]
[White "BaudouinSimon"]
[Black "LamazeSimon"]
[WhiteElo "1926"]
[BlackElo "2185"]
[Mode "WEB"]
[Result "0-1"]

1. d4 Nf6 2. c4 e6 3. g3 Bb4+ 4. Bd2 Qe7 5. Bg2 Nc6 6. Nf3 O-O 7. O-O Bxd2 8.
Nbxd2 d5 9. Qc2 Rd8 10. Rfd1 Bd7 11. c5 b6 12. a3 bxc5 13. dxc5 a5 14. Rac1 e5
15. e3 h6 16. Qc3 Bf5 17. b4 axb4 18. axb4 Rab8 19. Ra1 d4 20. exd4 exd4 21. Qc1
Nxb4 22. Nf1 d3 23. Ne3 Bh7 24. Qc4 Qe4 25. Qxe4 Nxe4 26. Ra7 Nxc5 27. Rxc7 Ne6
28. Re7 Nc6 29. Rxe6 fxe6 30. Nc4 Be4 31. Ne1 Bxg2 32. Kxg2 Rb4 33. Ne3 Rbd4 34.
Nf3 R4d7 35. Nc4 Rd5 36. Rd2 e5 {BaudouinSimon a abandonné} 0-1

[Event "Tournament 14475 - Europe Echecs"]
[Site "Europe Echecs"]
[Date "2020.07.12"]
[Round "4"]
[Time "15:36:57"]
[PlyCount "63"]
[White "SylvestreBaron"]
[Black "DelinValere"]
[WhiteElo "1728"]
[BlackElo "2043"]
[Mode "WEB"]
[Result "0-1"]

1. c4 Nf6 2. Nc3 g6 3. Nf3 Bg7 4. e4 d6 5. d4 O-O 6. Be2 c5 7. d5 e6 8. O-O exd5
9. exd5 Re8 10. h3 a6 11. Bf4 Nh5 12. Bg5 Qc7 13. g4 Nf6 14. Qd2 Nbd7 15. Bd3 h5
16. Rfe1 hxg4 17. Rxe8+ Nxe8 18. Re1 Ndf6 19. hxg4 Bxg4 20. Nh2 Bh3 21. Re3 Qd7
22. Qe2 Bf5 23. Re7 Bxd3 24. Rxd7 Bxe2 25. Rxb7 Bxc4 26. Bxf6 Nxf6 27. Rb6 Nxd5
28. Nxd5 Bxd5 29. Rxd6 Bxa2 30. Rc6 c4 31. Rb6 Bb3 {SylvestreBaron a abandonné} 0-1

[Event "Tournament 14475 - Europe Echecs"]
[Site "Europe Echecs"]
[Date "2020.07.12"]
[Round "4"]
[Time "15:36:57"]
[PlyCount "62"]
[White "TomasiElise"]
[Black "MorataJules"]
[WhiteElo "2030"]
[BlackElo "1568"]
[Mode "WEB"]
[Result "1-0"]

1. d4 f5 2. Nf3 Nf6 3. g3 g6 4. Bg2 Bg7 5. O-O O-O 6. c4 d6 7. Nc3 Qe8 8. d5 e5
9. dxe6 Bxe6 10. Ng5 c6 11. Qxd6 Bxc4 12. Re1 Qd7 13. Qc5 Bf7 14. e4 fxe4 15.
Ngxe4 Nxe4 16. Nxe4 Bd5 17. Qc2 Bd4 18. Be3 Bxe3 19. Rxe3 Qf5 20. Qe2 Nd7 21.
Nd6 Qf6 22. Bxd5+ cxd5 23. Re6 Qd4 24. Re7 Nf6 25. Rd1 Qb4 26. Qe6+ Kh8 27. Nf7+
Kg7 28. Ng5+ Kh6 29. h4 Qg4 30. Qxg4 Nxg4 31. Rxh7# {MorataJules est échec et mat} 1-0

[Event "Tournament 14475 - Europe Echecs"]
[Site "Europe Echecs"]
[Date "2020.07.12"]
[Round "4"]
[Time "15:36:57"]
[PlyCount "97"]
[White "WeismanNathan"]
[Black "ProfiliEmilio"]
[WhiteElo "2186"]
[BlackElo "2053"]
[Mode "WEB"]
[Result "0-1"]

1. e4 e6 2. d4 d5 3. Nc3 Nf6 4. e5 Nfd7 5. f4 c5 6. Nf3 Nc6 7. Be3 Be7 8. Qd2
O-O 9. Be2 b6 10. O-O f5 11. exf6 Nxf6 12. Ne5 Bb7 13. Nxc6 Bxc6 14. Bd3 Ng4 15.
Ne2 c4 16. Bxh7+ Kxh7 17. c3 Be8 18. f5 exf5 19. Nf4 Bf7 20. h3 Nxe3 21. Qxe3
Bg5 22. Rae1 Qd6 23. Qg3 Qh6 24. Re5 Bxf4 25. Rxf4 Kg8 26. Rexf5 Bg6 27. Rg5
Rxf4 28. Qxf4 Rf8 29. Qe5 Be4 30. h4 Qf6 31. Qg3 Rf7 32. Kh2 g6 33. h5 Qf4 34.
hxg6 Qxg3+ 35. Kxg3 Rf6 36. g7 Rf7 37. b3 cxb3 38. axb3 Rxg7 39. Kf4 Rxg5 40.
Kxg5 Bxg2 41. c4 Kf7 42. c5 Ke6 43. Kf4 Kd7 44. b4 Kc6 45. Ke5 a5 46. b5+ Kxb5
47. Kd6 bxc5 48. dxc5 d4 {WeismanNathan a abandonné} 0-1

[Event "Tournament 14475 - Europe Echecs"]
[Site "Europe Echecs"]
[Date "2020.07.12"]
[Round "4"]
[Time "15:36:57"]
[PlyCount "67"]
[White "LemiereMaxence"]
[Black "FondratJohan"]
[WhiteElo "1618"]
[BlackElo "1509"]
[Mode "WEB"]
[Result "0-1"]

1. e4 c5 2. Nf3 Nc6 3. c3 Nf6 4. d3 d5 5. exd5 Nxd5 6. Be3 e6 7. Be2 Be7 8. O-O
O-O 9. d4 Nxe3 10. fxe3 b6 11. Qc2 h6 12. Nbd2 Bb7 13. Rae1 Rc8 14. Bd3 cxd4 15.
exd4 Nb4 16. Qb1 Nxd3 17. Qxd3 Qc7 18. Qe3 Bd6 19. Ne5 Bxe5 20. Qxe5 Qc6 21. Qg3
Rcd8 22. Nf3 Rd5 23. Ne5 Qe8 24. Ng4 Rg5 25. h4 Rg6 26. Qf4 f5 27. Ne3 Qc6 28.
Rf2 Qe4 29. Qc7 f4 30. Nc2 Rxg2+ 31. Kf1 Rxf2+ 32. Kxf2 Qf3+ 33. Kg1 Qg2# {LemiereMaxence est échec et mat} 0-1

[Event "Tournament 14475 - Europe Echecs"]
[Site "Europe Echecs"]
[Date "2020.07.12"]
[Round "4"]
[Time "15:36:57"]
[PlyCount "83"]
[White "DecurningeBric"]
[Black "RaclotLeo"]
[WhiteElo "1582"]
[BlackElo "2124"]
[Mode "WEB"]
[Result "0-1"]

1. e4 e6 2. c4 d5 3. cxd5 exd5 4. exd5 Nf6 5. Nf3 Nxd5 6. Nc3 Nc6 7. Bc4 Nb6 8.
Bb3 Be7 9. O-O O-O 10. d4 Bg4 11. Be3 Bf6 12. h3 Bh5 13. Bc2 Nc4 14. Bxh7+ Kxh7
15. Ng5+ Bxg5 16. Qxh5+ Bh6 17. Bxh6 gxh6 18. Ne4 f5 19. Nc5 Qg5 20. Qe2 Rg8 21.
g3 Nd6 22. Ne6 Qe7 23. d5 Nd8 24. Rfe1 Nxe6 25. dxe6 Rae8 26. Qc2 Rg6 27. Rac1
Rxe6 28. Rxe6 Qxe6 29. Qxc7+ Qe7 30. Qc2 Rc8 31. Qd2 Ne4 32. Qe1 Rxc1 33. Qxc1
Qc5 34. Qf4 Nd6 35. Qh4 Qc1+ 36. Kg2 Qg5 37. Qb4 Qf6 38. Qc5 Qe7 39. a3 f4 40.
Qxa7 f3+ 41. Kxf3 Qe4# {DecurningeBric est échec et mat} 0-1

[Event "Tournament 14475 - Europe Echecs"]
[Site "Europe Echecs"]
[Date "2020.07.12"]
[Round "4"]
[Time "15:36:57"]
[PlyCount "92"]
[White "BregnacTristan"]
[Black "GreuthierAlois"]
[WhiteElo "2047"]
[BlackElo "1601"]
[Mode "WEB"]
[Result "1/2-1/2"]

1. e4 c5 2. Nf3 Nc6 3. d4 cxd4 4. Nxd4 Nf6 5. Nc3 e5 6. Ndb5 d6 7. Bg5 a6 8. Na3
b5 9. Nd5 Be7 10. Bxf6 Bxf6 11. c3 O-O 12. Nc2 Rb8 13. h4 g6 14. h5 Bg7 15. h6
Bh8 16. Nce3 Ne7 17. Nxe7+ Qxe7 18. Nd5 Qd8 19. Qd2 Be6 20. O-O-O a5 21. Kb1 b4
22. cxb4 axb4 23. Bc4 Bf6 24. Nxf6+ Qxf6 25. Bxe6 fxe6 26. Qxd6 Rbd8 27. Qc7 Rc8
28. Qb7 Rb8 29. Qa6 b3 30. axb3 Rxb3 31. Rd2 Rfb8 32. Rhd1 R3b6 33. Qa5 Qf4 34.
Rd8+ Kf7 35. Rxb8 Qxe4+ 36. Ka1 Rxb8 37. Rd7+ Kf6 38. Rxh7 Qd4 39. Rf7+ Kg5 40.
f4+ Kg4 41. Qa3 Qd1+ 42. Ka2 Qd5+ 43. Kb1 Qd1+ 44. Ka2 Qd5+ 45. Kb1 Qd1+ 46. Ka2 {Nulle par répétition} 1/2-1/2

[Event "Tournament 14475 - Europe Echecs"]
[Site "Europe Echecs"]
[Date "2020.07.12"]
[Round "4"]
[Time "15:36:57"]
[PlyCount "70"]
[White "SalvadorLucie"]
[Black "CiarlettaIris"]
[WhiteElo "1979"]
[BlackElo "1493"]
[Mode "WEB"]
[Result "1-0"]

1. e4 c5 2. c4 g6 3. Nf3 Bg7 4. Nc3 Nc6 5. d3 d6 6. Be2 Nf6 7. O-O O-O 8. Bd2
Be6 9. Rb1 a6 10. a3 Rb8 11. b4 cxb4 12. axb4 b5 13. cxb5 axb5 14. d4 Bc4 15.
Bxc4 bxc4 16. b5 Na7 17. Qa4 Qb6 18. Qxc4 Rfc8 19. Qd3 Ne8 20. Nd5 Qb7 21. b6
Nc6 22. Rfc1 e6 23. Ne3 Ne7 24. e5 dxe5 25. dxe5 Nc6 26. Nc4 Rd8 27. Qe3 Nxe5
28. Ncxe5 Bxe5 29. Nxe5 Nf6 30. Nc6 Ng4 31. Nxd8 Rxd8 32. Qf4 h5 33. Rc7 Qd5 34.
Qxf7+ Kh8 35. Qg7# {CiarlettaIris est échec et mat} 1-0